Meilleur gardien par année UEFA (partie 1) - Statistiques

Statistiques générales
  • Ce quiz a été pris 414 fois
  • Le résultat moyen est 19 sur 22
Statistiques - réponses
Saison Pays Club Joueur % Correct
2012-2013 Allemagne Bayern Munich Manuel Neuer
100%
2013-2014 Allemagne Bayern Munich Manuel Neuer
100%
2019-2020 Allemagne Bayern Munich Manuel Neuer
100%
2002-2003 Italie Juventus FC Gianluigi Buffon
98%
2016-2017 Italie Juventus FC Gianluigi Buffon
98%
2010-2011 Espagne Real Madrid Iker Casillas
98%
2011-2012 Espagne Real Madrid Iker Casillas
98%
2017-2018 Costa Rica Real Madrid Keylor Navas
97%
2018-2019 Brésil Liverpool FC Alisson
95%
2004-2005 RépubliqueTchèque Chelsea FC Petr Cech
94%
2006-2207 République Tchèque Chelsea FC Petr Cech
94%
2007-2008 République Tchèque Chelsea FC Petr Cech
94%
2020-2021 Sénégal Chelsea FC Edouard Mendy
91%
1998-1999 Allemagne Bayern Munich Oliver Kahn
86%
1999-2000 Allemagne Bayern Munich Oliver Kahn
86%
2000-2001 Allemagne Bayern Munich Oliver Kahn
86%
2001-2002 Allemagne Bayern Munich Oliver Kahn
86%
1997-1998 Danemark ManchesterUnited Peter Schmeichel
86%
2008-2009 Pays-Bas ManchesterUnited Edwin Van der Sar
83%
2009-2010 Brésil Inter Milan Julio César
61%
2005-2006 Allemagne Arsenal FC Jens Lehmann
46%
2003-2004 Portugal FC Porto Victor Baia
24%
Aucun quiz correspondant
Distribution des résultats
% des personnes avec chaque résultat
Percentile par nombre de réponses
Votre historique - résultats
Vous n’avez pas pris ce quiz